Online
Catalog

Amargo relato / (Record no. 49803)

MARC details
000 -CABECERA
campo de control de longitud fija 00562nam a22002177a 4500
003 - IDENTIFICADOR DEL NÚMERO DE CONTROL
campo de control DO-SdBNP
005 - FECHA Y HORA DE LA ÚLTIMA TRANSACCIÓN
campo de control 20211006115241.0
007 - CAMPO FIJO DE DESCRIPCIÓN FÍSICA--INFORMACIÓN GENERAL
campo de control de longitud fija ta
008 - DATOS DE LONGITUD FIJA--INFORMACIÓN GENERAL
campo de control de longitud fija 210506e2018 dr ||||er|||| 00| fdspa d
020 ## - NÚMERO INTERNACIONAL ESTÁNDAR DEL LIBRO
Número Internacional Estándar del Libro 9789945168907
040 ## - FUENTE DE LA CATALOGACIÓN
Centro catalogador/agencia de origen DO-SdBNP
Lengua de catalogación spa
Centro/agencia transcriptor BNPHU
041 ## - CÓDIGO DE LENGUA
Código de lengua original spa
082 #4 - NÚMERO DE LA CLASIFICACIÓN DECIMAL DEWEY
Número de clasificación BNPHU
Número de documento/Ítem T233a
100 1# - ENTRADA PRINCIPAL--NOMBRE DE PERSONA
9 (RLIN) 78028
Nombre de persona Taveras, Ana Carmen
245 10 - MENCIÓN DE TÍTULO
Título Amargo relato /
Resto del título [novela]
Mención de responsabilidad, etc. Ana Carmen Taveras;
260 ## - PUBLICACIÓN, DISTRIBUCIÓN, ETC.
Lugar de publicación, distribución, etc. Santo Domingo :
Nombre del editor, distribuidor, etc. Búho,
Fecha de publicación, distribución, etc. 2018
300 ## - DESCRIPCIÓN FÍSICA
Extensión 107 p. ;
Dimensiones 18 cm
590 ## - NOTA LOCAL (RLIN)
Nota local Inventario, 2021/ MF
910 ## - DATOS DE OPCIÓN DEL USUARIO (OCLC)
Datos de opción del usuario Mfeliz
942 ## - ELEMENTOS DE PUNTO DE ACCESO ADICIONAL (KOHA)
Fuente del sistema de clasificación o colocación Dewey Decimal Classification
Tipo de ítem Koha Libro
Holdings
Estado de retiro Estado de pérdida Fuente del sistema de clasificación o colocación No para préstamo Código de colección Localización permanente Ubicación/localización actual Ubicación en estantería Fecha de adquisición Fuente de adquisición Total de préstamos Signatura topográfica completa Código de barras Fecha visto por última vez Precio válido a partir de Tipo de ítem Koha Restricciones de uso Información codificada de la localización en otra ubicación Número de copia
    Dewey Decimal Classification Préstamo en sala Dominicana de Servicio Biblioteca Nacional Pedro Henríquez Ureña Dominicana Depósito 10.05.2018 Donado por Editora Búho   BNPHU DS T233a 2021-1667 06.05.2021 06.05.2021 Libro y Folleto Colección Dominicana de Servicio     e.3
    Dewey Decimal Classification Excluido de préstamo Patrimonio Dominicano Biblioteca Nacional Pedro Henríquez Ureña Patrimonio Dominicano Depósito 01.05.2018 Depósito Legal   BNPHU PD T233a 2021-1665 06.05.2021 06.05.2021 Libro y Folleto Colección Patrimonio Dominicano      
    Dewey Decimal Classification Préstamo restrigido Patrimonio Dominicano Biblioteca Nacional Pedro Henríquez Ureña Patrimonio Dominicano Depósito 10.05.2018     BNPHU PD T233a 2021-1666 06.05.2021 06.05.2021 Libro y Folleto Colección Patrimonio Dominicano Excluido de préstamo Depósito L e.2

Powered by Koha